Value-oriented education : initiatives at the teacher-education level

Bibliographic Details
Format: Book
Published: New Delhi : Neelkamal Pub. Pvt. Ltd , 2008
Subjects:

MARC

LEADER 00000cam a2200000 7i4500
001 0000037728
005 20131011.0
008 131011
020 |a 8183161804 
090 0 0 |a 370.7   |b VAL 
245 1 0 |a Value-oriented education :   |b initiatives at the teacher-education level   |c editors Dr. Vanaja, M & Dr. D. Vijaya Bharathi 
260 |a New Delhi :   |b Neelkamal Pub. Pvt. Ltd ,   |c 2008 
650 0 |a Education   |x Study and teaching   |z India 
999 |a 0001243870   |b Book   |c Adult Collection   |e Perbadanan Perpustakaan Awam Johor